LEADER 00858nam a2200205 i 4500 001 000000072438 003 CaOOAMICUS 005 20090325000000.0 008 090325s1948 it u000 u ita u 013 $a43610 040 $aSeMil$bita 100 1 $aLattes, Dante.$0(OLS)http://semarc/name/34394 245 10$aBenedetto Croce e l'inutile martirio d'Israele /$cDante Lattes. L'ebraismo secondo B. Croce e secondo la filosofia crociana / Ferruccio Pardo. 260 $aFirenze :$bIsrael,$c1948. 300 $a70 p. ;$c19 cm. 700 1 $aPardo, Ferruccio.$0(OLS)http://semarc/name/33833 850 $aSeMil 852 $aSeMil$W1$xVenegono$y1$m2Q I 279$j38591$B38591$CSeMilBibl$Z2$F38594 $81 996 $6245$aBenedetto Croce e l'inutile martirio d'Israele$9(OLS)http://semarc/title/116771 996 $6260$aFirenze :$bIsrael$9(OLS)http://semarc/publisher/43028 LEADER 00768naa a2200157 i 4500 001 000000295948 003 CaOOAMICUS 005 20180831172535.0 008 180831n xx u000 u und u 013 $a3357 040 $aSeMil$bita 100 1 $aPacini, Gian Piero.$0(OLS)http://semarc/name/7428 245 13$aLe reliquie di santa Barbara, di san Giovanni evangelista di Torcello e di santa Barbara della chiesa dei Crociferi di Venezia ... 650 4$aVenezia - Storia.$0(OLS)http://semarc/subject/2116 773 0 $tFlorentissima proles Ecclesiae.$dTrento : Civis, 1996.$kBibliotheca Civis$w()49716 996 $6245$aLe reliquie di santa Barbara, di san Giovanni evangelista di Torcello e di santa Barbara della chiesa dei Crociferi di Venezia ...$9(OLS)http://semarc/title/372009